Movies Quiz

Random Movies or Star Wars Quiz

Han Solo Quotes Quiz Stats

 Plays Quiz Updated May 25, 2018

Challenge
Share
Tweet
Embed
Score 0/20 Timer 07:00
1 Play Today
% Correct
It's the ship that made the Kessel Run in less than 12 parsecs
92%
For a good blaster at your side, kid
90.8%
There aren't enough scoundrels in your life
90.5%
And plug him into the hyperdrive!
89.7%
If you ain't around to use it?
89%
Tell Jabba I've got his money
88.5%
Instead of a big dark blur, I see a big light blur
87.3%
The Force. The Jedi. All of it. It's true.
87.3%
Either I'm going to kill her, or I'm beginning to like her
87.3%
On the outside
86.1%
% Correct
Wookiees are known to do that
85.9%
Fuzzball
85.1%
He'll get no such pleasure from us
84.9%
Always
84.7%
Where?
83.6%
There's always a way to do that
81.6%
Now let's blow this thing and go home!
80.5%
I prefer a straight fight to all this sneaking around
79.2%
Jeez, I'm out of it for a little while and everyone gets delusions of grandeur!
75.7%
Hey, remember you lost her to me, fair and square
70.9%

You're not logged in!

Compare scores with friends on all Sporcle quizzes.
Join for Free
OR
Log In

You Might Also Like...

Show Comments

Extras

Top Quizzes Today


Score Distribution

Your Account Isn't Verified!

In order to create a playlist on Sporcle, you need to verify the email address you used during registration. Go to your Sporcle Settings to finish the process.

Report this User

Report this user for behavior that violates our Community Guidelines.

Details: